Countries That Produce The Most Peaches - Statistics

General Stats
  • This quiz has been taken 101 times
  • The average score is 10 of 14
Answer Stats
% Of Total Produced Country % Correct
6.14% United States
100%
7.53% China
98%
6.70% Italy
96%
1.68% France
94%
39.9% Spain
94%
4.16% Turkey
86%
3.79% Greece
85%
1.39% Germany
84%
2.11% Australia
68%
1.86$ Netherlands
66%
6.59% Chile
59%
1.74% South Africa
59%
2.03% Uzbekistan
22%
2.38% Jordan
8%
No matching quizzes found
Score Distribution
Percent of People with Each Score
Percentile by Number Answered
Your Score History
You have not taken this quiz